| 000 | 00601nam a22001577a 4500 | ||
|---|---|---|---|
| 003 | OSt | ||
| 005 | 20150930154132.0 | ||
| 008 | 150930b xxu||||| |||| 00| 0 eng d | ||
| 040 | _cRUA | ||
| 082 | _aAVM CHE 1994 B067 Or.1 | ||
| 100 |
_91619 _aCHEAM CHANSOPHON |
||
| 245 | _aZootechnic survey on the buffaloes in the province of prey venng, ការអង្កេតសត្តបច្ចេកវិធី លើក្របី ក្នុងតំបន់ នៃខេត្តព្រៃវែង) | ||
| 260 |
_aphnom penh _bRUA _c1994 |
||
| 300 |
_a57p. _bill. _c29cm. |
||
| 942 |
_2ddc _cAVM |
||
| 999 |
_c1529 _d1529 |
||